LIBRARY & INFORMATION CENTRE, KCAET, TAVANUR

ONLINE PUBLIC ACCESS CATALOGUE (OPAC)

Power screw assisted punch - cum - splitter for tender coconut (Record no. 15020)

MARC details
000 -LEADER
fixed length control field 00612nam a22001697a 4500
003 - CONTROL NUMBER IDENTIFIER
control field OSt
088 ## - REPORT NUMBER
Report number P 144
100 ## - MAIN ENTRY--AUTHOR NAME
Personal name RATHEESH C. S
-- ROSHNI T
-- SACHIN JOSEPH
-- SREEVISAKH K. L
245 ## - TITLE STATEMENT
Title Power screw assisted punch - cum - splitter for tender coconut
260 ## - PUBLICATION, DISTRIBUTION, ETC. (IMPRINT)
Place of publication Tavanur 2004
Name of publisher Kelappaji college of Agricultural Engineering and Technology
300 ## - PHYSICAL DESCRIPTION
Number of Pages 34
500 ## - GENERAL NOTE
General note Power screw assisted punch - cum - splitter for tender coconut
520 ## - SUMMARY, ETC.
Summary, etc Power screw assisted punch - cum - splitter for tender coconut
700 ## - ADDED ENTRY--PERSONAL NAME
Personal name Er. Jippu Jacob (Guide)
942 ## - ADDED ENTRY ELEMENTS (KOHA)
Koha item type Project Report
Holdings
Collection code Home library Current library Shelving location Full call number Accession Number Koha item type
Reference KAUAET KAUAET Reference 631.3 RAT/PO P 144 Project Report
free website counter